<?xml version="1.0" encoding="UTF-8"?>
<marc:record xmlns:marc="http://www.loc.gov/MARC21/slim">
   <marc:leader>00000nam a2200000 a 4500</marc:leader>
   <marc:datafield ind1="1" ind2=" " tag="100">
      <marc:subfield code="a">Sadler, Christine</marc:subfield>
      <marc:subfield code="4">aut</marc:subfield>
      <marc:subfield code="e">Verfasser/-in</marc:subfield>
   </marc:datafield>
   <marc:datafield ind1="1" ind2=" " tag="100">
      <marc:subfield code="a">Willhardt, Jens</marc:subfield>
      <marc:subfield code="4">aut</marc:subfield>
      <marc:subfield code="e">Verfasser/-in</marc:subfield>
   </marc:datafield>
   <marc:datafield ind1=" " ind2=" " tag="653">
      <marc:subfield code="a">Island</marc:subfield>
   </marc:datafield>
   <marc:datafield ind1="0" ind2="0" tag="245">
      <marc:subfield code="a">Island</marc:subfield>
   </marc:datafield>
   <marc:datafield ind1="0" ind2="0" tag="245">
      <marc:subfield code="c">Sadler, Christine</marc:subfield>
   </marc:datafield>
   <marc:datafield ind1=" " ind2="1" tag="264">
      <marc:subfield code="a">Erlangen</marc:subfield>
      <marc:subfield code="b">Michael Müller Verlag</marc:subfield>
      <marc:subfield code="c">2024</marc:subfield>
   </marc:datafield>
   <marc:datafield ind1=" " ind2=" " tag="250">
      <marc:subfield code="a">10., komplett überarbeitete und aktualisierte Aufl</marc:subfield>
   </marc:datafield>
   <marc:datafield ind1="1" ind2=" " tag="520">
      <marc:subfield code="a">Christine Sadler und Jens Willhardt unterwegs in Island &#xD;
  &#xD;
&#xD;
 &#xD;
&#xD;
 Reiseführer Island  Umfassend, übersichtlich, unentbehrlich Die individuellen&#xD;
 Reiseführer vom Michael Müller Verlag&#xD;
 &#xD;
&#xD;
 &#xD;
&#xD;
 Die Islandkenner Christine Sadler und Jens Willhardt nehmen Sie mit auf&#xD;
 Entdeckungstour durch Island. Auf 776 Seiten mit 388 Farbfotos vermittelt unser Island-Reiseführer authentische Eindrücke und ist ein&#xD;
 zuverlässiger Begleiter vor Ort  und das schon in der 10. Auflage. 77 Karten plus herausnehmbarer Faltkarte im&#xD;
 Maßstab 1:900.000 verschaffen einen optimalen Überblick über das Land.&#xD;
 Insgesamt 155 Wanderungen und Touren sowie&#xD;
 zahlreiche Outdoor-Erlebnisse laden dazu ein, die Insel aktiv zu&#xD;
 erkunden.&#xD;
 &#xD;
&#xD;
 &#xD;
&#xD;
 Merian schreibt: »Exzellenter, umfangreicher und gut recherchierter Reiseführer.«&#xD;
 &#xD;
&#xD;
 &#xD;
&#xD;
 Erlebnis Island  Aktiv- und Kultururlaub selbst planen&#xD;
  &#xD;
&#xD;
  &#xD;
&#xD;
 Die schönsten Ziele im Detail: Das Geothermalgebiet Hveravellir,&#xD;
&#xD;
 der See Mývatn, das Wanderparadies Landmannalaugar, die Gletscherlagune&#xD;
&#xD;
 Jökulsárlón, die Blaue Lagune, der Goldene Zirkel und die isländische&#xD;
&#xD;
 Hauptstadt Reykjavík.&#xD;
&#xD;
  &#xD;
&#xD;
 Erlebnis Natur: Der Reiseführer präsentiert Ihnen&#xD;
&#xD;
 beeindruckende Naturerlebnisse in allen Schattierungen.&#xD;
&#xD;
  &#xD;
&#xD;
 Essen, trinken, übernachten, einkaufen: Zahlreiche Empfehlungen,&#xD;
&#xD;
 Tipps und Adressen, vor Ort recherchiert und ausprobiert.&#xD;
&#xD;
  &#xD;
&#xD;
 Geschichte, Kunst und Kultur: Ausführliche Kapitel zum Nachlesen&#xD;
&#xD;
 für alle, die auf ihrer Reise mehr wissen wollen.&#xD;
&#xD;
  &#xD;
&#xD;
 Urlaub mit Kindern: Eine Extra-Doppelseite liefert Tipps rund um&#xD;
&#xD;
 den Familienurlaub in Island.&#xD;
&#xD;
  &#xD;
&#xD;
 Reisepraktische Tipps: Im Kapitel »Nachlesen &amp; Nachschlagen«&#xD;
&#xD;
 ist alles abgedeckt, was Sie für die Reiseplanung brauchen.&#xD;
&#xD;
  &#xD;
&#xD;
  &#xD;
&#xD;
 &#xD;
&#xD;
 Entdecken Sie mit dem Michael-Müller-Reiseführer »Island« atemberaubende Natur&#xD;
 und farbiges Inselleben, und planen und gestalten Sie Ihre Reise ganz&#xD;
 individuell.</marc:subfield>
   </marc:datafield>
   <marc:datafield ind1=" " ind2=" " tag="020">
      <marc:subfield code="a">9783966852821</marc:subfield>
      <marc:subfield code="9">9783966852821</marc:subfield>
   </marc:datafield>
   <marc:datafield ind1=" " ind2=" " tag="020">
      <marc:subfield code="a">3966852829</marc:subfield>
      <marc:subfield code="9">3966852829</marc:subfield>
   </marc:datafield>
   <marc:datafield ind1=" " ind2=" " tag="041">
      <marc:subfield code="a">ger</marc:subfield>
   </marc:datafield>
   <marc:datafield ind1=" " ind2=" " tag="300">
      <marc:subfield code="b">Illustrationen</marc:subfield>
   </marc:datafield>
   <marc:datafield ind1=" " ind2=" " tag="338">
      <marc:subfield code="a">Band</marc:subfield>
   </marc:datafield>
   <marc:datafield ind1=" " ind2=" " tag="300">
      <marc:subfield code="a">1 Karte</marc:subfield>
   </marc:datafield>
</marc:record>
